| 000 | 00405 a2200157 4500 | ||
|---|---|---|---|
| 005 | 20250603074357.0 | ||
| 020 | _a0 340 87263 2 | ||
| 082 | _a658 LIN | ||
| 100 | _aLINES, D. | ||
| 245 | _aComplete A-Z: Business Studies Handbook. | ||
| 250 | _a4th Ed. | ||
| 260 |
_aLondon, _bHodder Arnold, _c2003. |
||
| 300 |
_aviii, 342p.: ill.; figure _c24cm. |
||
| 700 | _aMARCOUSE, I & MARTIN, B. | ||
| 942 |
_2ddc _cBKS |
||
| 999 |
_c1751 _d1751 |
||